|
|
|
|
| LEADER |
01263nam a2200337 a 4500 |
| 001 |
AAL3843 |
| 003 |
BD-DhAAL |
| 005 |
20160210173742.0 |
| 008 |
150204s1988 enka b 101 0 eng |
| 010 |
|
|
|a 87031664
|
| 020 |
|
|
|a 0415002044 (pbk.)
|
| 020 |
|
|
|a 0415002036 (hard)
|
| 040 |
|
|
|a DLC
|c DLC
|d DLC
|d BD-DhAAL
|
| 050 |
0 |
0 |
|a HT855
|b .S57 1988
|
| 082 |
0 |
0 |
|a 306/.362
|2 19
|
| 999 |
|
|
|c 33572
|d 33572
|
| 999 |
|
|
|c 33572
|
| 245 |
0 |
0 |
|a Slavery and other forms of unfree labour /
|c edited by Léonie J. Archer.
|
| 260 |
|
|
|a London ;
|a New York :
|b Routledge,
|c 1988.
|
| 300 |
|
|
|a xi, 307 p. :
|b ill. ;
|c 22 cm.
|
| 440 |
|
0 |
|a History workshop series
|9 7898
|
| 490 |
|
|
|a History workshop series
|
| 500 |
|
|
|a Papers from a workshop held in Oxford in April 1985 under the auspices of the History Workshop Centre for Social History.
|
| 500 |
|
|
|a Includes index.
|
| 504 |
|
|
|a Bibliography: p. [280]-297.
|
| 541 |
|
|
|e 3843
|
| 650 |
|
0 |
|a Slavery
|x Congresses.
|9 7899
|
| 700 |
1 |
|
|a Archer, Léonie J.
|9 7900
|
| 710 |
2 |
|
|a History Workshop Centre for Social History (Oxford, England)
|9 7901
|
| 942 |
|
|
|2 ddc
|c BK
|
| 952 |
|
|
|0 0
|1 0
|2 ddc
|4 0
|6 306_362000000000000_SLA
|7 0
|9 52446
|a SCL
|b SCL
|c GEN
|d 2015-02-04
|l 1
|o 306.362 SLA
|p 3020003843
|r 2022-06-13
|s 2022-06-08
|t 1
|w 2015-02-04
|y BK
|